| Record ID | ia:evilundersunherc00chri |
| Source | Internet Archive |
| Download MARC XML | https://archive.org/download/evilundersunherc00chri/evilundersunherc00chri_marc.xml |
| Download MARC binary | https://www.archive.org/download/evilundersunherc00chri/evilundersunherc00chri_meta.mrc |
LEADER: 00755cam 2200241Ma 4500
001 ocn429370227
003 OCoLC
005 20101118124316.0
008 880328r19691945nyu ed 000 1 eng d
010 $a 88011927
040 $aKYL$cKYL
020 $a0671601741 (pbk.)
020 $a9780671601744 (pbk.)
035 $a(OCoLC)429370227
100 1 $aChristie, Agatha,$d1890-1976.
245 10 $aEvil under the sun :$ba Hercule Poirot murder mystery /$cAgatha Christie.
260 $aNew York :$bPocket Books,$c1945, c1969.
300 $a223 p. ;$c18 cm.
440 0 $aHercule Poirot mysteries
650 0 $aPoirot, Hercule (Fictitious character)
650 0 $aDetective and mystery stories.
994 $aZ0$bPMR
948 $hNO HOLDINGS IN PMR - 1 OTHER HOLDINGS